000 00896nam a2200277 i 4500
001 000017690
003 DO-SdBNP
005 20240302073949.0
007 ta
008 100330s1984 dr 001 0 spa d
040 _aDO-SdBNP
_bspa
_cBNPHU
_erda
082 4 _a335.4119
_bC343e, 1984
_222
100 1 _aCassá, Roberto,
_d1948-
_eautor
_910888
245 1 0 _aElementos introductorios a la teoría materialista de la historia /
_cRoberto Cassá.
250 _a4ª ed.
264 _aSanto Domingo :
_bAlfa & Omega,
_c1984.
300 _a102 páginas ;
_c18 cm.
336 _2rdacontent
_atexto
_btxt
337 _2rdamedia
_asin mediación
_bn
338 _2rdacarrier
_avolumen
_bnc
590 _aInventariado, 2018/LP
650 4 _aMaterialismo histórico
_938530
650 4 _aHistoria
_xEnsayos, conferencias, etc.
_938531
910 _aValidado. Control de calidad EMS
942 _2ddc
_cLBS1
999 _c17215
_d17215